000
00338nam a2200133Ia 4500
008
191206s9999 xx 000 0 und d
020
_a
0847809560 :
090
_a
DA667.N53
245
4
_a
The village in history
260
_a
Rizzoli
260
_c
c1988
300
_a
197 p. : ill. ; 27 cm.
999
_c
17157
_d
17157